Athetics and football (Record no. 6406)

MARC details
000 -CABECERA
campo de control de longitud fija 00849nam a2200265 a 4500
001 - NÚMERO DE CONTROL
campo de control BRCA_6723
005 - FECHA Y HORA DE LA ÚLTIMA TRANSACCIÓN
campo de control 20190320205551.0
008 - DATOS DE LONGITUD FIJA--INFORMACIÓN GENERAL
campo de control de longitud fija 191011s1889----enk#######---#000-0#eng-#
041 ## - CÓDIGO DE LENGUA
Código de lengua del texto/banda sonora o título independiente eng
044 ## - CÓDIGO DEL PAÍS DE LA ENTIDAD EDITORA/PRODUCTORA
Código MARC del país enk
050 #4 - SIGNATURA TOPOGRÁFICA DE LA BIBLIOTECA DEL CONGRESO
Número de clasificación GV703
Número de documento/Ítem .S44
-- 1889
245 10 - MENCIÓN DE TÍTULO
Título Athetics and football
Mención de responsabilidad, etc. by Montague Shearman; with numerous engravings by G. Mitchell
250 ## - MENCIÓN DE EDICIÓN
Mención de edición 3
260 ## - PUBLICACIÓN, DISTRIBUCIÓN, ETC.
Lugar de publicación, distribución, etc. Londres
Nombre del editor, distribuidor, etc. Longmans, Green & Co.
Fecha de publicación, distribución, etc. 1889
300 ## - DESCRIPCIÓN FÍSICA
Extensión xxiv, 408 p.
Otras características físicas il., 5 láminas
Dimensiones 20 cm.
440 #0 - MENCIÓN DE SERIE/PUNTO DE ACCESO ADICIONAL--TÍTULO
Título Badminton library of sport and pastimes
9 (RLIN) 16793
500 ## - NOTA GENERAL
Nota general Incluye lista de ilustraciones, apéndice e índice alfabético
500 ## - NOTA GENERAL
Nota general Estado físico: presenta humedad y algunas páginas intonsas
500 ## - NOTA GENERAL
Nota general I99
650 14 - PUNTO DE ACCESO ADICIONAL DE MATERIA--TÉRMINO DE MATERIA
Término de materia o nombre geográfico como elemento de entrada Atletismo
9 (RLIN) 16794
650 14 - PUNTO DE ACCESO ADICIONAL DE MATERIA--TÉRMINO DE MATERIA
Término de materia o nombre geográfico como elemento de entrada Fútbol
9 (RLIN) 16795
700 1# - PUNTO DE ACCESO ADICIONAL--NOMBRE DE PERSONA
Nombre de persona Mitchell,G.
Término indicativo de función/relación Grabador
9 (RLIN) 16796
902 ## - CATALOGADOR
Iniciales GFM
942 ## - ELEMENTOS DE PUNTO DE ACCESO ADICIONAL (KOHA)
Fuente del sistema de clasificación o colocación Library of Congress Classification
Tipo de ítem Koha Libros
Holdings
Estado de retiro Estado de pérdida Estado dañado No para préstamo Localización permanente Ubicación/localización actual Fecha de adquisición Número de inventario Total de préstamos Signatura topográfica completa Código de barras Fecha visto por última vez Precio válido a partir de Tipo de ítem Koha
El ejemplar forma parte de la colección y puede ser consultado según las políticas vigentes.       Biblioteca del Museo Franz Mayer (Rogerio Casas-Alatriste) Biblioteca del Museo Franz Mayer (Rogerio Casas-Alatriste) 19/10/2011 I99   GV703 .S44 1889 (I99) 7170 22/03/2019 22/03/2019 Libros